00362nam a22001457a 450000500170000000800410001702000180005804100080007608200160008410000200010024500300012026000340015030000190018465000130020320260514122428.0260514b |||||||| |||| 00| 0 eng d a9789386906113 aEng a891.442 GHA aGhatak, Ritwik  aRitwik Ghatak: Five Plays aNew DehlibNiyog Books c2025 a312;. P. 21 cm aFiction